000 00470nam a22001937a 4500
003 MPLRDC
005 20220104143434.0
008 210129b ||||| |||| 00| 0 eng d
020 _a957-708-374-9
082 _a857.7 WAY c.2
100 _a王安忆
245 _a长恨歌
_c
250 _a初版三刷
260 _a
_b麦田出版股份有限公司
_c1999
300 _b
490 _a麦田文学. 72
650 _a长篇小说
942 _cBK
_o857.7 WAY c.2
999 _c39908
_d39898